000 00498nam a2200205Ia 4500
003 OSt
005 20230421150455.0
008 210423s2008 xx 000 0 und d
020 _a9788184891942
040 _cAL
041 _aeng
082 _a514
_223
_bCROM
100 _aCROSSLEY (Martin D).
_991611
245 _aEssential topology.
260 _aNew Delhi
_bSpringer Verlag
_c2008
300 _aix,224
_bPB
365 _b245
_cINR
906 _aEssential ; topology.
942 _2ddc
_cBK
999 _c160890
_d160890